Des célébrités portant les initiales G - Statistiques

Statistiques générales
  • Ce quiz a été pris 95 fois
  • Le résultat moyen est 14 sur 25
Statistiques - réponses
Code Indice Célébrité % Correct
GE Ingénieur français, créateur d'une tour mythique. Gustave Eiffel
90%
GW Premier président des États-Unis. George Washington
87%
GB 43ᵉ président des États-Unis, en fonction de 2001 à 2009 George W. Bush
87%
GT Militante écologiste suédoise mondialement connue. Greta Thunberg
77%
GK Actrice américaine devenue princesse de Monaco. Grace Kelly
75%
GJ Acteur et réalisateur français, membre du Splendid. Gérard Jugnot
73%
GF Écrivain français, auteur de Madame Bovary. Gustave Flaubert
73%
GL Chanteur français révélé par Star Academy. Grégory Lemarchal
70%
GM Joueur de tennis français au style spectaculaire. Gaël Monfils
69%
GN Actrice et réalisatrice française. (La Flamme, Le Flambeau) Géraldine Nakache
66%
GG Actrice israélienne connue pour son rôle de Wonder Woman. Gal Gadot
65%
GR Chef cuisinier britannique et animateur télé. Gordon Ramsay
64%
GU Acteur français césarisé, disparu tragiquement en 2022. Gaspard Ulliel
61%
GS Écrivaine française du XIXᵉ siècle, figure majeure du romantisme. George Sand
61%
GD Acteur français emblématique, star internationale. Gérard Depardieu
61%
GH Guitariste des Beatles et artiste solo reconnu. George Harrison
59%
GX Footballeur suisse, capitaine de l’équipe nationale. Granit Xhaka
47%
GI Président de la FIFA depuis 2016. Gianni Infantino
46%
GA Basketteur grec surnommé « The Greek Freak ». Giánnis Antetokoúnmpo
42%
GC Homme politique français, ancien maire de Lyon et ministre de l’Intérieur. Gérard Collomb
36%
GP Actrice américaine et entrepreneuse, oscarisée pour Shakespeare in Love. Gwyneth Paltrow
33%
GO Acteur britannique oscarisé, connu pour Darkest Hour et Harry Potter. Gary Oldman
28%
GY Basketteur français, joueur en NBA et en équipe de France. Guerschon Yabusele
22%
GZ Ancien footballeur italien, star des années 90. Gianfranco Zola
20%
GV Journaliste et chroniqueur télé français. (Ami de Joeystarr) Gilles Verdez
20%
Aucun quiz correspondant
Distribution des résultats
% des personnes avec chaque résultat
Percentile par nombre de réponses
Votre historique - résultats
Vous n’avez pas pris ce quiz